[Event "ROM-ch (Women)"]
[Site "Sarata Monteoru"]
[Date "2011.02.16"]
[Round "5"]
[White "Cusmuliuc, Diana Elena"]
[Black "Bulmaga, Elena"]
[Result "1-0"]
[WhiteElo "1693"]
[BlackElo "1825"]
[PlyCount "131"]
[EventDate "2011.02.12"]
[EventType "swiss"]
[EventRounds "9"]
[EventCountry "ROU"]
[SourceTitle "CBM 140 Extra"]
[Source "ChessBase"]
[SourceDate "2011.03.01"]
[SourceVersion "1"]
[SourceVersionDate "2011.03.01"]
[SourceQuality "1"]

1. e4 c6 2. Nc3 d5 3. d4 dxe4 4. Nxe4 Bf5 5. Ng3 Bg6 6. Nf3 Nd7 7. Bc4 e6 8. h4 h6 9. Bf4 Ngf6 10. Qe2 Nd5 11. Bc1 Bb4+ 12. Nd2 Bxc2 13. a3 Be7 14. Nde4 Bxe4 15. Qxe4 N7f6 16. Qd3 Qc7 17. Ne4 Nxe4 18. Qxe4 Nf6 19. Qd3 Rd8 20. Be3 Qa5+ 21. Bd2 Qb6 22. Bc3 0-0 23. Rd1 c5 24. 0-0 Qc7 25. Qe2 Nd5 26. Bxd5 Rxd5 27. dxc5 Rxd1 28. Qxd1 Bxc5 29. Qg4 e5 30. Rd1 Qb6 31. Bxe5 Bxf2+ 32. Kh1 Qg6 33. Qxg6 fxg6 34. g3 Re8 35. Kg2 Bc5 36. Rd5 Bb6 37. Kh3 Bf2 38. Kg2 Bb6 39. Bc3 Re2+ 40. Kf1 Rf2+ 41. Ke1 Rf3 42. Rd7 Rxg3 43. Rxg7+ Kf8 44. Rxb7 Rg4 45. Rg7 Rg1+ 46. Ke2 Rg2+ 47. Kf1 Rg4 48. Ke2 Rg3 49. Rh7 h5 50. Rh8+ Kf7 51. Rh7+ Ke6 52. a4 Rh3 53. a5 Bg1 54. Kf1 Be3 55. Ke2 Bc5 56. Rc7 Rh2+ 57. Kd3 Bg1 58. Rc6+ Kf5 59. Rf6+ Kg4 60. Rxg6+ Kxh4 61. Rxg1 Kh3 62. b4 Ra2 63. Rg7 h4 64. Rxa7 Kh2 65. Be5+ Kh1 66. Rh7 1-0

[Event "Wch U12 Girls"]
[Site "Porto Carras"]
[Date "2010.10.30"]
[Round "11"]
[White "Bulmaga, Elena"]
[Black "Rodionova, Daria"]
[Result "1-0"]
[WhiteElo "1784"]
[BlackElo "1856"]
[PlyCount "89"]
[EventDate "2010.10.20"]
[EventType "swiss"]
[EventRounds "11"]
[EventCountry "GRE"]
[SourceTitle "EXT 2011"]
[Source "ChessBase"]
[SourceDate "2010.11.26"]
[SourceVersion "1"]
[SourceVersionDate "2010.11.26"]
[SourceQuality "1"]

1. d4 d5 2. c4 c6 3. Nf3 Nf6 4. Nc3 a6 5. e3 b5 6. b3 Bg4 7. Be2 Nbd7 8. h3 Bh5 9. Bb2 e6 10. 0-0 Bd6 11. cxd5 cxd5 12. Ne5 Bxe2 13. Nxe2 Qb8 14. Nxd7 Nxd7 15. Rc1 0-0 16. Rc6 b4 17. Qc2 Nb6 18. e4 Rc8 19. e5 Bf8 20. Rc1 Qa7 21. Qd3 Rxc6 22. Rxc6 Qb7 23. Rc1 Rc8 24. Rxc8 Qxc8 25. Qd2 a5 26. Nf4 Qc6 27. Qc1 Qxc1+ 28. Bxc1 Nc8 29. Nd3 Na7 30. Be3 Nb5 31. Kf1 Be7 32. Nc5 Bxc5 33. dxc5 Na7 34. Ke2 Nc6 35. f4 Kf8 36. Kd3 Ke7 37. g4 g5 38. Bc1 gxf4 39. Bxf4 f6 40. exf6+ Kxf6 41. h4 e5 42. Bg3 h5 43. gxh5 Kg7 44. Bxe5+ Kf7 45. Bc7 1-0

[Event "Wch U12 Girls"]
[Site "Porto Carras"]
[Date "2010.10.29"]
[Round "10"]
[White "Vu, Hoang Lan"]
[Black "Bulmaga, Elena"]
[Result "0-1"]
[WhiteElo "1827"]
[BlackElo "1784"]
[PlyCount "70"]
[EventDate "2010.10.20"]
[EventType "swiss"]
[EventRounds "11"]
[EventCountry "GRE"]
[SourceTitle "EXT 2011"]
[Source "ChessBase"]
[SourceDate "2010.11.26"]
[SourceVersion "1"]
[SourceVersionDate "2010.11.26"]
[SourceQuality "1"]

1. e4 c6 2. d4 d5 3. Nc3 dxe4 4. Nxe4 Bf5 5. Ng3 Bg6 6. Nf3 Nd7 7. h4 h6 8. h5 Bh7 9. Bd3 Bxd3 10. Qxd3 e6 11. Bf4 Qa5+ 12. Bd2 Qc7 13. 0-0-0 Ngf6 14. Ne4 0-0-0 15. Nxf6 Nxf6 16. Qe2 Bd6 17. Ne5 c5 18. Bf4 Nd5 19. Bg3 f6 20. Ng6 Rhe8 21. Bxd6 Qxd6 22. Rh4 Kb8 23. dxc5 Qxc5 24. Re4 Rc8 25. Rd2 e5 26. f4 Nb4 27. a3 Nc6 28. fxe5 fxe5 29. Rd1 Rcd8 30. Rxd8+ Rxd8 31. Nxe5 Nd4 32. Qc4 Nb3+ 33. cxb3 Qg1+ 34. Kc2 Qd1+ 35. Kc3 Qd2# 0-1

[Event "Albena op"]
[Site "Albena"]
[Date "2010.06.10"]
[Round "8"]
[White "Sotirov, Ilia"]
[Black "Bulmaga, Elena"]
[Result "1/2-1/2"]
[WhiteElo "1945"]
[BlackElo "1767"]
[PlyCount "58"]
[EventDate "2010.06.03"]
[EventType "swiss"]
[EventRounds "9"]
[EventCountry "BUL"]
[SourceTitle "CBM 136 Extra"]
[Source "ChessBase"]
[SourceDate "2010.07.02"]
[SourceVersion "2"]
[SourceVersionDate "2010.07.15"]
[SourceQuality "1"]

1. d4 d5 2. Nc3 c6 3. e4 dxe4 4. Nxe4 Bf5 5. Ng3 Bg6 6. Nf3 Nd7 7. Bd3 Bxd3 8. Qxd3 Ngf6 9. 0-0 e6 10. Re1 Be7 11. b3 0-0 12. Bb2 Bb4 13. c3 Bd6 14. Rad1 Qc7 15. c4 Rad8 16. Qc2 Rfe8 17. Ne5 Bb4 18. Nxd7 Rxd7 19. Re3 Bd6 20. Qe2 Bf4 21. Red3 Red8 22. Nf1 Qa5 23. g3 Bb8 24. f4 Qf5 25. Ne3 Qg6 26. Kf1 Qe4 27. Qg2 Qg6 28. Qe2 Ne4 29. Ng4 Qf5 1/2-1/2

[Event "ROM-ch U12 Girls"]
[Site "Voineasa"]
[Date "2010.04.12"]
[Round "7"]
[White "Bulmaga, Elena"]
[Black "Corolea, Diana Gabriela"]
[Result "1-0"]
[WhiteElo "1767"]
[BlackElo "1629"]
[PlyCount "77"]
[EventDate "2010.04.08"]
[EventType "swiss"]
[EventRounds "9"]
[EventCountry "ROU"]
[SourceTitle "EXT 2020"]
[Source "ChessBase"]
[SourceDate "2019.10.17"]
[SourceVersion "1"]
[SourceVersionDate "2019.10.17"]
[SourceQuality "1"]

1. d4 d5 2. c4 e6 3. Nc3 Nf6 4. Bg5 Be7 5. Nf3 Nc6 6. e3 h6 7. Bh4 0-0 8. a3 b6 9. Bd3 dxc4 10. Bxc4 Bb7 11. 0-0 Nd7 12. Bxe7 Qxe7 13. Rc1 Rad8 14. Bd3 Qf6 15. Nb5 Rc8 16. Qc2 a6 17. Nc3 h5 18. Ne4 Qh6 19. Neg5 g6 20. Be4 Ndb8 21. Nh3 Rcd8 22. Rfd1 Rd7 23. Nf4 g5 24. Ne2 f5 25. Bd3 g4 26. Ne5 Nxe5 27. dxe5 h4 28. Nf4 Nc6 29. Bc4 Rxd1+ 30. Rxd1 Re8 31. Qb3 Bc8 32. Qc3 g3 33. fxg3 hxg3 34. h3 Qh8 35. Bxe6+ Bxe6 36. Qxc6 Qxe5 37. Qxe8+ Kh7 38. Qg6+ Kh8 39. Rd8+ 1-0